World's greatest players [

Bibliographic Details
Format: Book
Published: s.l : s.n , 19-
Subjects:

MARC

LEADER 00000cam a2200000 7i4500
001 0000002223
002 000002423
005 20021002.0
020 |a 000002423 
090 0 0 |a 796.33092   |b WOR 
245 1 0 |a World's greatest players [  |h video recording] 
255 |a Volume 1 
260 |a s.l :   |b s.n ,   |c 19- 
300 |a 1 Video recording VHS (60 minutes) :   |b col.(PAL) 
500 |a Library has 1 copy 
650 0 0 |a Footballers 
999 |a 00120   |b VIDEO   |c KOLEKSI AUDIO VIDEO   |e PERPUSTAKAAN KOMUNITI PETALING JAYA